| 000 -CABECERA |
| Longitud fija campo de control |
01110nam a2200241 i 4500 |
| 001 - NÚMERO DE CONTROL |
| Número de control |
991058478168306706 |
| 003 - IDENTIFICADOR DEL NÚMERO DE CONTROL |
| Identificador del número de control |
OSt |
| 005 - FECHA Y HORA DE LA ÚLTIMA TRANSACCIÓN |
| Fecha y hora de la última transacción |
20240109170607.0 |
| 006 - CÓDIGOS DE INFORMACIÓN DE LONGITUD FIJA - CARACTERÍSTICAS DEL MATERIAL ADICIONAL |
| Códigos de información de longitud fija - Caracter&íacute;sticas del material adicional |
m o d | |
| 007 - CAMPO FIJO DE DESCRIPCIÓN FÍSICA |
| Campo fijo de descripción f&íacute;sica |
cr ||||||||||| |
| 008 - CÓDIGOS DE INFORMACIÓN DE LONGITUD FIJA |
| Códigos de información de longitud fija |
201029s2019 sp a ob 000 0 spa d |
| 040 ## - FUENTE DE LA CATALOGACIÓN |
| Centro catalogador de origen |
CDMR |
| Centro transcriptor |
CDMR |
| Lengua de catalogación |
cat |
| 245 10 - MENCIÓN DE TÍTULO |
| Título |
La paritat a la ràdio i la televisió |
| Resto del título |
: (Generació d’indicadors, perfils i categories i tipologies de significació) : informe de resultats globals [recurs electrònic] / |
| Mención de responsabilidad, etc. |
Consell de l'Audiovisual de Catalunya ; [direcció: Sílvia Cóppulo ; tractament estadístic i sociològic: Dr. Francesc-Xavier Altarriba] |
| 260 ## - PUBLICACIÓN, DISTRIBUCIÓN, ETC. (PIE DE IMPRENTA) |
| Lugar de publicación, distribución, etc. |
[S.l. : |
| Nombre del editor, distribuidor, etc. |
s.n., |
| Fecha de publicación, distribución, etc. |
2008] |
| 300 ## - DESCRIPCIÓN FÍSICA |
| Extensión |
1 recurs electrònic (212 pàgines) |
| 650 #0 - PUNTO DE ACCESO ADICIONAL DE MATERIA - TÉRMINO DE MATERIA |
| Término de materia o nombre geográfico como elemento inicial |
Mitjans de comunicació de massa i dones |
| 9 (RLIN) |
3818 |
| Subdivisión geográfica |
Catalunya |
| 650 #0 - PUNTO DE ACCESO ADICIONAL DE MATERIA - TÉRMINO DE MATERIA |
| Término de materia o nombre geográfico como elemento inicial |
Dones en el periodisme |
| 9 (RLIN) |
4233 |
| Subdivisión geográfica |
Catalunya |
| 650 #0 - PUNTO DE ACCESO ADICIONAL DE MATERIA - TÉRMINO DE MATERIA |
| Término de materia o nombre geográfico como elemento inicial |
Dones periodistes |
| 9 (RLIN) |
2913 |
| Subdivisión geográfica |
Catalunya |
| 700 1# - PUNTO DE ACCESO ADICIONAL - NOMBRE DE PERSONA |
| 9 (RLIN) |
2995 |
| Nombre de persona |
Cóppulo, Sílvia |
| 710 1# - PUNTO DE ACCESO ADICIONAL - NOMBRE DE ENTIDAD |
| 9 (RLIN) |
828 |
| Nombre de entidad o nombre de jurisdicción como elemento inicial |
Consell de l'Audiovisual de Catalunya |
| 856 ## - LOCALIZACIÓN Y ACCESO ELECTRÓNICO |
| Nota pública |
Accés en línia |
| Identificador Uniforme del Recurso (URI) |
<a href="https://www.cac.cat/sites/default/files/2017-11/Informe_Paritat.pdf">https://www.cac.cat/sites/default/files/2017-11/Informe_Paritat.pdf</a> |
| 942 ## - ENTRADA DE ELEMENTOS AGREGADOS (KOHA) |
| Fuente de clasificaión o esquema |
|
| Koha [por defecto] tipo de item |
Llibres electrònics |